000 00567nam a2200229Ia 4500
003 OSt
005 20250703114917.0
008 210210b1991 xxu||||| |||| 00| 0 eng d
020 _a81 7040 344 8
040 _cAL
041 _aeng
082 _a510 JAYC
100 _aJayaram N R and others
_9210532
245 _aCollege mathematics III BSc V2
260 _aDelhi
_bHimalaya Publishing House
_c1991
300 _a301
440 _a2
_9210533
650 _aBSc III year maths
_9210534
690 _aMathematics
_9210535
906 _a046303
942 _2ddc
_cBK
999 _c95810
_d95810